Licencing : a practical guide for the businessman
Αποθηκεύτηκε σε:
| Κύριος συγγραφέας: | |
|---|---|
| Μορφή: | Βιβλίο |
| Γλώσσα: | English |
| Δημοσίευση: |
London :
Longman,
1987
|
| Θέματα: | |
| Ετικέτες: |
Προσθήκη ετικέτας
Δεν υπάρχουν, Καταχωρήστε ετικέτα πρώτοι!
|
MARC
| LEADER | 00000nam a2200000 i 4500 | ||
|---|---|---|---|
| 001 | 1/38433 | ||
| 008 | 960424s1987 eng d | ||
| 020 | |a 0851211321 | ||
| 035 | |l 10024861 | ||
| 040 | |a GR-MY-UA |b gre |e aacr | ||
| 041 | 0 | |a eng | |
| 082 | 0 | |a 608.741 | |
| 100 | 1 | |a Baillie, Iain. | |
| 245 | 1 | 0 | |a Licencing : |b a practical guide for the businessman / |c Iain Baillie |
| 260 | |a London : |b Longman, |c 1987 | ||
| 300 | |a 120 p. | ||
| 500 | |a Σημ. : Grown eagle communications is a Longman group UK Comp. | ||
| 650 | 0 | 0 | |a Patents |x Great Britain. |
| 852 | |a INST |b CHIOS |e 19960424 |h 608.741 BAI |p 005200005151 |q 005200005151 |t BK |y 0 | ||
| 909 | |a Χ |b 010509 | ||